000 01112cab a2200253 4500
001 E2137
008 090401t1994 xxu||||| |||| 00| 0 eng d
035 _a(Sirsi) u37695
041 _aeng
245 _aMilnbank Housing Association Ltd v William Murdoch, David Howie, Patricia Howie
260 _c1994
350 _a0
490 _aScottish Civil Law Reports
_v1994 SCLR 684-689(6)
520 _aSheriff Court. Glasgow. Sheriff J.C.M. Jardine. 5 May 1994. Landlord and tenant - public sector housing - housing association - secure tenancy - assured tenancy - tenants under secure tenancy moving to other house owned by same landlords - new tenancy purporting to be assured tenancy - whether in fact assured tenancy or whether secure tenancy or housing association tenancy.
650 _aASSURED TENANCIES
650 _aHOUSING (SCOTLAND) ACT 1987
650 _aHOUSING (SCOTLAND) ACT 1988
650 _aHOUSING ASSOCIATIONS
650 _aPUBLIC SECTOR HOUSING
650 _aSECURE TENANCIES
690 _aLANDLORD AND TENANT-CASE LAW-RESIDENTIAL TENANCIES
942 _n0
948 _c04/03/1997
999 _c24292
_d24292